Tribhuvan University Central Library

The elementry math teacher's handbook, activities for teaching elementry school mathematics (Record no. 49540)

MARC details
000 -LEADER
fixed length control field 00618 a2200205 4500
041 ## - LANGUAGE CODE
Language code of text/sound track or separate title Eng
082 ## - DEWEY DECIMAL CLASSIFICATION NUMBER
Classification number 372.7
Item number T347e
100 ## - MAIN ENTRY--PERSONAL NAME
Personal name Thiessen, Diane
9 (RLIN) 6541
245 ## - TITLE STATEMENT
Title The elementry math teacher's handbook, activities for teaching elementry school mathematics
260 ## - PUBLICATION, DISTRIBUTION, ETC.
Place of publication, distribution, etc. New York
Name of publisher, distributor, etc. John Wiley and Sons
Date of publication, distribution, etc. 1982
300 ## - PHYSICAL DESCRIPTION
Extent viii,349p
504 ## - BIBLIOGRAPHY, ETC. NOTE
Bibliography, etc. note Bibliography : p. 342-343
650 ## - SUBJECT ADDED ENTRY--TOPICAL TERM
Topical term or geographic name entry element Mathematical education
9 (RLIN) 6542
650 ## - SUBJECT ADDED ENTRY--TOPICAL TERM
Topical term or geographic name entry element Teaching
9 (RLIN) 871
650 ## - SUBJECT ADDED ENTRY--TOPICAL TERM
Topical term or geographic name entry element Elementry education
9 (RLIN) 6543
650 ## - SUBJECT ADDED ENTRY--TOPICAL TERM
Topical term or geographic name entry element Measurement
9 (RLIN) 5818
650 ## - SUBJECT ADDED ENTRY--TOPICAL TERM
Topical term or geographic name entry element Statistical mathematics
9 (RLIN) 5328
653 ## - INDEX TERM--UNCONTROLLED
Uncontrolled term Education
942 ## - ADDED ENTRY ELEMENTS (KOHA)
Source of classification or shelving scheme Dewey Decimal Classification
Koha item type General Collections

No items available.